| 000 | 00559nam a2200205 i 4500 | ||
|---|---|---|---|
| 001 | 77757 | ||
| 003 | ES-MaACL | ||
| 005 | 20231229063019.0 | ||
| 007 | t| | ||
| 008 | 041108s1988 sp ||||1| spa d | ||
| 020 | _a84-01-37321-2 | ||
| 080 | _a860-13"19" | ||
| 100 | 1 |
_aCierva, Ricardo de la, _d1926-2015 _938790 |
|
| 245 | 1 | 0 |
_aDecamerón 90 / _cRicardo de la Cierva. |
| 250 | _a1ª ed. | ||
| 260 |
_aBarcelona : _bPlaza & Janés, _c1988. |
||
| 300 |
_a422 p. ; _c22 cm. |
||
| 852 |
_aES-MaACL _jE-10258 _bR.131009 |
||
| 999 |
_c77757 _d77757 |
||